[Event "7th Arber Senior Cup"]
[Site "chess24.com"]
[Date "2019.07.30"]
[Round "4"]
[White "Sagner, Guenter"]
[Black "Wolff, Peter"]
[Result "1/2-1/2"]
[Board "30"]
[WhiteElo "1696"]
[WhiteTeam "SC Bayerwald"]
[WhiteCountry "GER"]
[WhiteFideId "12973629"]
[WhiteEloChange "6"]
[BlackElo "1915"]
[BlackTeam "VSG Offenbach"]
[BlackCountry "GER"]
[BlackFideId "4655613"]
[BlackEloChange "-6"]

1. d4 {[%clk 2:10:30]} d5 {[%clk 2:10:30]} 2. c4 {[%clk 2:10:30]} c6 {[%clk
2:10:30]} 3. Nc3 {[%clk 2:10:30]} Nf6 {[%clk 2:10:30]} 4. Bg5 {[%clk 2:10:30]} e6
{[%clk 2:10:30]} 5. e3 {[%clk 2:10:30]} Nbd7 {[%clk 2:10:30]} 6. Nf3 {[%clk
2:10:30]} Be7 {[%clk 2:10:30]} 7. Bd3 {[%clk 2:10:30]} dxc4 {[%clk 2:10:30]} 8.
Bxc4 {[%clk 2:10:30]} b5 {[%clk 2:10:30]} 9. Bd3 {[%clk 2:10:30]} Bb7 {[%clk
2:10:30]} 10. O-O {[%clk 2:10:30]} O-O {[%clk 2:10:30]} 11. a3 {[%clk 2:10:30]}
h6 {[%clk 2:10:30]} 12. Bh4 {[%clk 2:10:30]} a6 {[%clk 2:10:30]} 13. Qe2 {[%clk
2:10:30]} c5 {[%clk 2:10:30]} 14. dxc5 {[%clk 2:10:30]} Nxc5 {[%clk 2:10:30]} 15.
Rfd1 {[%clk 2:10:30]} Nxd3 {[%clk 2:10:30]} 16. Rxd3 {[%clk 2:10:30]} Qb6 {[%clk
2:10:30]} 17. Rad1 {[%clk 2:10:30]} Rad8 {[%clk 2:10:30]} 18. Ne5 {[%clk
2:10:30]} Rxd3 {[%clk 2:10:30]} 19. Rxd3 {[%clk 2:10:30]} g5 {[%clk 2:10:30]} 20.
Bg3 {[%clk 2:10:30]} Rd8 {[%clk 2:10:30]} 21. Qd1 {[%clk 2:10:30]} Rxd3 {[%clk
2:10:30]} 22. Qxd3 {[%clk 2:10:30]} Qd8 {[%clk 2:10:30]} 23. Qxd8+ {[%clk
2:10:30]} Bxd8 {[%clk 2:10:30]} 24. b4 {[%clk 2:10:30]} Nh5 {[%clk 2:10:30]} 25.
Nd3 {[%clk 2:10:30]} Nxg3 {[%clk 2:10:30]} 26. hxg3 {[%clk 2:10:30]} Kf8 {[%clk
2:10:30]} 27. Nc5 {[%clk 2:10:30]} Bc8 {[%clk 2:10:30]} 28. Ne2 {[%clk 2:10:30]}
Bb6 {[%clk 2:10:30]} 29. Nd4 {[%clk 2:10:30]} Ke7 {[%clk 2:10:30]} 30. e4 {[%clk
2:10:30]} f5 {[%clk 2:10:30]} 31. e5 {[%clk 2:10:30]} Bc7 {[%clk 2:10:30]} 32. f4
{[%clk 2:10:30]} g4 {[%clk 2:10:30]} 33. Kf1 {[%clk 2:10:30]} Bb6 {[%clk
2:10:30]} 34. Ke2 {[%clk 2:10:30]} Bc7 {[%clk 2:10:30]} 1/2-1/2

[Event "7th Arber Senior Cup"]
[Site "chess24.com"]
[Date "2019.07.30"]
[Round "4"]
[White "Bauer, Werner"]
[Black "Kurze, Volker"]
[Result "1-0"]
[Board "31"]
[WhiteElo "1881"]
[WhiteTeam "SV WB Allianz Muenchen"]
[WhiteCountry "GER"]
[WhiteFideId "24698059"]
[WhiteEloChange "4"]
[BlackElo "1658"]
[BlackTeam "SC RT Altstadt Muenchen"]
[BlackCountry "GER"]
[BlackFideId "24694584"]
[BlackEloChange "-4"]

1. Nf3 {[%clk 2:10:30]} g6 {[%clk 2:10:30]} 2. e4 {[%clk 2:10:30]} Bg7 {[%clk
2:10:30]} 3. d4 {[%clk 2:10:30]} d6 {[%clk 2:10:30]} 4. Be3 {[%clk 2:10:30]} a6
{[%clk 2:10:30]} 5. c3 {[%clk 2:10:30]} b5 {[%clk 2:10:30]} 6. Nbd2 {[%clk
2:10:30]} Nd7 {[%clk 2:10:30]} 7. Bd3 {[%clk 2:10:30]} e6 {[%clk 2:10:30]} 8. O-O
{[%clk 2:10:30]} Ne7 {[%clk 2:10:30]} 9. a4 {[%clk 2:10:30]} bxa4 {[%clk
2:10:30]} 10. Rxa4 {[%clk 2:10:30]} Bb7 {[%clk 2:10:30]} 11. Qe2 {[%clk 2:10:30]}
Qc8 {[%clk 2:10:30]} 12. Rfa1 {[%clk 2:10:30]} O-O {[%clk 2:10:30]} 13. Bxa6
{[%clk 2:10:30]} Bxa6 {[%clk 2:10:30]} 14. Rxa6 {[%clk 2:10:30]} Rxa6 {[%clk
2:10:30]} 15. Qxa6 {[%clk 2:10:30]} Qd8 {[%clk 2:10:30]} 16. Qb7 {[%clk 2:10:30]}
Nc8 {[%clk 2:10:30]} 17. h3 {[%clk 2:10:30]} h6 {[%clk 2:10:30]} 18. Nc4 {[%clk
2:10:30]} Ncb6 {[%clk 2:10:30]} 19. Nxb6 {[%clk 2:10:30]} Nxb6 {[%clk 2:10:30]}
20. b3 {[%clk 2:10:30]} f5 {[%clk 2:10:30]} 21. d5 {[%clk 2:10:30]} fxe4 {[%clk
2:10:30]} 22. Nd4 {[%clk 2:10:30]} Bxd4 {[%clk 2:10:30]} 23. Bxd4 {[%clk
2:10:30]} Nxd5 {[%clk 2:10:30]} 24. Ra7 {[%clk 2:10:30]} Qb8 {[%clk 2:10:30]} 25.
c4 {[%clk 2:10:30]} Qxb7 {[%clk 2:10:30]} 26. Rxb7 {[%clk 2:10:30]} Nf4 {[%clk
2:10:30]} 27. Ba7 {[%clk 2:10:30]} c5 {[%clk 2:10:30]} 28. Bb8 {[%clk 2:10:30]}
Nd3 {[%clk 2:10:30]} 29. Bxd6 {[%clk 2:10:30]} Rxf2 {[%clk 2:10:30]} 30. Bxc5
{[%clk 2:10:30]} Rb2 {[%clk 2:10:30]} 31. Bd4 {[%clk 2:10:30]} Rb1+ {[%clk
2:10:30]} 32. Kh2 {[%clk 2:10:30]} e5 {[%clk 2:10:30]} 33. Be3 {[%clk 2:10:30]}
g5 {[%clk 2:10:30]} 34. c5 {[%clk 2:10:30]} Rb2 {[%clk 2:10:30]} 35. c6 {[%clk
2:10:30]} Rc2 {[%clk 2:10:30]} 36. c7 {[%clk 2:10:30]} Nf4 {[%clk 2:10:30]} 37.
Rb8+ {[%clk 2:10:30]} Kf7 {[%clk 2:10:30]} 38. c8Q {[%clk 2:10:30]} Rxg2+ {[%clk
2:10:30]} 39. Kh1 {[%clk 2:10:30]} 1-0

[Event "7th Arber Senior Cup"]
[Site "chess24.com"]
[Date "2019.07.30"]
[Round "4"]
[White "Braeu, Ludwig"]
[Black "Nusser, Hans-Karl, Dr."]
[Result "1/2-1/2"]
[Board "32"]
[WhiteElo "1818"]
[WhiteTeam "SK Marktoberdorf"]
[WhiteCountry "GER"]
[WhiteFideId "4671210"]
[WhiteEloChange "-6"]
[BlackElo "1601"]
[BlackTeam "Muenchener SC"]
[BlackCountry "GER"]
[BlackFideId "16226399"]
[BlackEloChange "6"]

1. c4 {[%clk 2:10:30]} Nf6 {[%clk 2:10:30]} 2. g3 {[%clk 2:10:30]} g6 {[%clk
2:10:30]} 3. Bg2 {[%clk 2:10:30]} Bg7 {[%clk 2:10:30]} 4. d4 {[%clk 2:10:30]} O-O
{[%clk 2:10:30]} 5. Nc3 {[%clk 2:10:30]} d6 {[%clk 2:10:30]} 6. Nf3 {[%clk
2:10:30]} Bg4 {[%clk 2:10:30]} 7. Nd2 {[%clk 2:10:30]} Nc6 {[%clk 2:10:30]} 8. h3
{[%clk 2:10:30]} Bd7 {[%clk 2:10:30]} 9. d5 {[%clk 2:10:30]} Nb8 {[%clk 2:10:30]}
10. O-O {[%clk 2:10:30]} a5 {[%clk 2:10:30]} 11. e4 {[%clk 2:10:30]} Na6 {[%clk
2:10:30]} 12. Re1 {[%clk 2:10:30]} Nc5 {[%clk 2:10:30]} 13. Nb3 {[%clk 2:10:30]}
Na4 {[%clk 2:10:30]} 14. Nxa4 {[%clk 2:10:30]} Bxa4 {[%clk 2:10:30]} 15. Qd3
{[%clk 2:10:30]} Nd7 {[%clk 2:10:30]} 16. Nd4 {[%clk 2:10:30]} Nc5 {[%clk
2:10:30]} 17. Qe3 {[%clk 2:10:30]} Re8 {[%clk 2:10:30]} 18. Rb1 {[%clk 2:10:30]}
Qc8 {[%clk 2:10:30]} 19. Kh2 {[%clk 2:10:30]} Bd7 {[%clk 2:10:30]} 20. b3 {[%clk
2:10:30]} Na6 {[%clk 2:10:30]} 21. Bd2 {[%clk 2:10:30]} Nc5 {[%clk 2:10:30]} 22.
Bc3 {[%clk 2:10:30]} b6 {[%clk 2:10:30]} 23. Rbd1 {[%clk 2:10:30]} e6 {[%clk
2:10:30]} 24. dxe6 {[%clk 2:10:30]} fxe6 {[%clk 2:10:30]} 25. Nb5 {[%clk
2:10:30]} e5 {[%clk 2:10:30]} 26. Qd2 {[%clk 2:10:30]} Rf8 {[%clk 2:10:30]} 27.
Bb2 {[%clk 2:10:30]} Rf7 {[%clk 2:10:30]} 28. Ba3 {[%clk 2:10:30]} Be6 {[%clk
2:10:30]} 29. Bxc5 {[%clk 2:10:30]} dxc5 {[%clk 2:10:30]} 30. g4 {[%clk 2:10:30]}
Qf8 {[%clk 2:10:30]} 31. Kg3 {[%clk 2:10:30]} Rd7 {[%clk 2:10:30]} 32. Qe3 {[%clk
2:10:30]} Rad8 {[%clk 2:10:30]} 33. Bf3 {[%clk 2:10:30]} Bh6 {[%clk 2:10:30]} 34.
g5 {[%clk 2:10:30]} Bg7 {[%clk 2:10:30]} 35. h4 {[%clk 2:10:30]} h5 {[%clk
2:10:30]} 36. Nc3 {[%clk 2:10:30]} Rf7 {[%clk 2:10:30]} 37. Rxd8 {[%clk 2:10:30]}
Qxd8 {[%clk 2:10:30]} 38. Rd1 {[%clk 2:10:30]} Qc8 {[%clk 2:10:30]} 39. Qe2
{[%clk 2:10:30]} Rxf3+ {[%clk 2:10:30]} 40. Qxf3 {[%clk 2:10:30]} Bg4 {[%clk
2:10:30]} 41. Qd3 {[%clk 2:10:30]} Bxd1 {[%clk 2:10:30]} 42. Qxd1 {[%clk
2:10:30]} c6 {[%clk 2:10:30]} 43. f3 {[%clk 2:10:30]} Qf8 {[%clk 2:10:30]} 44.
Qd2 {[%clk 2:10:30]} Qe7 {[%clk 2:10:30]} 45. Ne2 {[%clk 2:10:30]} Kf7 {[%clk
2:10:30]} 46. Nc3 {[%clk 2:10:30]} Bf8 {[%clk 2:10:30]} 47. Na4 {[%clk 2:10:30]}
Qc7 {[%clk 2:10:30]} 48. f4 {[%clk 2:10:30]} Ke6 {[%clk 2:10:30]} 49. fxe5 {[%clk
2:10:30]} Qxe5+ {[%clk 2:10:30]} 50. Qf4 {[%clk 2:10:30]} Qxf4+ {[%clk 2:10:30]}
51. Kxf4 {[%clk 2:10:30]} Bd6+ {[%clk 2:10:30]} 52. Kf3 {[%clk 2:10:30]} Bc7
{[%clk 2:10:30]} 53. Nb2 {[%clk 2:10:30]} Be5 {[%clk 2:10:30]} 54. Na4 {[%clk
2:10:30]} Bc7 {[%clk 2:10:30]} 1/2-1/2

[Event "7th Arber Senior Cup"]
[Site "chess24.com"]
[Date "2019.07.30"]
[Round "4"]
[White "Wittkugel, Friedhelm"]
[Black "Barnowski, Roman"]
[Result "1-0"]
[Board "33"]
[WhiteElo "1920"]
[WhiteTeam "SV Kamen"]
[WhiteCountry "GER"]
[WhiteFideId "24606162"]
[WhiteEloChange "2"]
[BlackElo "1459"]
[BlackTeam "SW Nuernberg Sued"]
[BlackCountry "GER"]
[BlackFideId "16255240"]
[BlackEloChange "-2"]

1. d4 {[%clk 2:10:30]} Nf6 {[%clk 2:10:30]} 2. Bg5 {[%clk 2:10:30]} e6 {[%clk
2:10:30]} 3. e4 {[%clk 2:10:30]} Be7 {[%clk 2:10:30]} 4. Bxf6 {[%clk 2:10:30]}
Bxf6 {[%clk 2:10:30]} 5. Nf3 {[%clk 2:10:30]} g6 {[%clk 2:10:30]} 6. Bd3 {[%clk
2:10:30]} O-O {[%clk 2:10:30]} 7. c3 {[%clk 2:10:30]} d6 {[%clk 2:10:30]} 8. h4
{[%clk 2:10:30]} Bg7 {[%clk 2:10:30]} 9. h5 {[%clk 2:10:30]} h6 {[%clk 2:10:30]}
10. hxg6 {[%clk 2:10:30]} fxg6 {[%clk 2:10:30]} 11. e5 {[%clk 2:10:30]} dxe5
{[%clk 2:10:30]} 12. dxe5 {[%clk 2:10:30]} Nc6 {[%clk 2:10:30]} 13. Qe2 {[%clk
2:10:30]} Rxf3 {[%clk 2:10:30]} 14. gxf3 {[%clk 2:10:30]} Nxe5 {[%clk 2:10:30]}
15. Bc2 {[%clk 2:10:30]} Qf6 {[%clk 2:10:30]} 16. Nd2 {[%clk 2:10:30]} Bd7 {[%clk
2:10:30]} 17. O-O-O {[%clk 2:10:30]} b5 {[%clk 2:10:30]} 18. Kb1 {[%clk 2:10:30]}
b4 {[%clk 2:10:30]} 19. Ne4 {[%clk 2:10:30]} Qe7 {[%clk 2:10:30]} 20. c4 {[%clk
2:10:30]} a5 {[%clk 2:10:30]} 21. f4 {[%clk 2:10:30]} Nf7 {[%clk 2:10:30]} 22.
Rhg1 {[%clk 2:10:30]} Nh8 {[%clk 2:10:30]} 23. Qe3 {[%clk 2:10:30]} Bc6 {[%clk
2:10:30]} 24. Nc5 {[%clk 2:10:30]} Re8 {[%clk 2:10:30]} 25. Nd3 {[%clk 2:10:30]}
Qf6 {[%clk 2:10:30]} 26. Ne5 {[%clk 2:10:30]} g5 {[%clk 2:10:30]} 27. Qd3 {[%clk
2:10:30]} gxf4 {[%clk 2:10:30]} 28. Rxg7+ {[%clk 2:10:30]} Qxg7 {[%clk 2:10:30]}
29. Nxc6 {[%clk 2:10:30]} Qg5 {[%clk 2:10:30]} 30. Qh7+ {[%clk 2:10:30]} 1-0

[Event "7th Arber Senior Cup"]
[Site "chess24.com"]
[Date "2019.07.30"]
[Round "4"]
[White "Gross-Winter, Guenter"]
[Black "Voeller, Lothar"]
[Result "1/2-1/2"]
[Board "34"]
[WhiteElo "1664"]
[WhiteTeam "SC Ansbach"]
[WhiteCountry "GER"]
[WhiteFideId "16222750"]
[BlackElo "1666"]
[BlackTeam "FS Dortmund"]
[BlackCountry "GER"]
[BlackFideId "24616010"]

1. e4 {[%clk 2:10:30]} c5 {[%clk 2:10:30]} 2. d3 {[%clk 2:10:30]} g6 {[%clk
2:10:30]} 3. g3 {[%clk 2:10:30]} Bg7 {[%clk 2:10:30]} 4. Bg2 {[%clk 2:10:30]} e6
{[%clk 2:10:30]} 5. f4 {[%clk 2:10:30]} Ne7 {[%clk 2:10:30]} 6. Nf3 {[%clk
2:10:30]} O-O {[%clk 2:10:30]} 7. c3 {[%clk 2:10:30]} d5 {[%clk 2:10:30]} 8. e5
{[%clk 2:10:30]} Nbc6 {[%clk 2:10:30]} 9. O-O {[%clk 2:10:30]} b5 {[%clk
2:10:30]} 10. a3 {[%clk 2:10:30]} a5 {[%clk 2:10:30]} 11. d4 {[%clk 2:10:30]}
cxd4 {[%clk 2:10:30]} 12. Nxd4 {[%clk 2:10:30]} Nxd4 {[%clk 2:10:30]} 13. cxd4
{[%clk 2:10:30]} Ba6 {[%clk 2:10:30]} 14. b4 {[%clk 2:10:30]} Nf5 {[%clk
2:10:30]} 15. Qd3 {[%clk 2:10:30]} Qb6 {[%clk 2:10:30]} 16. Be3 {[%clk 2:10:30]}
Rac8 {[%clk 2:10:30]} 17. Nd2 {[%clk 2:10:30]} Rc7 {[%clk 2:10:30]} 18. Rfc1
{[%clk 2:10:30]} Rfc8 {[%clk 2:10:30]} 19. Nb3 {[%clk 2:10:30]} a4 {[%clk
2:10:30]} 20. Nc5 {[%clk 2:10:30]} h5 {[%clk 2:10:30]} 21. Bf2 {[%clk 2:10:30]}
Bf8 {[%clk 2:10:30]} 22. Bf1 {[%clk 2:10:30]} Bxc5 {[%clk 2:10:30]} 23. Rxc5
{[%clk 2:10:30]} Rxc5 {[%clk 2:10:30]} 24. bxc5 {[%clk 2:10:30]} Qc6 {[%clk
2:10:30]} 25. Rb1 {[%clk 2:10:30]} Ra8 {[%clk 2:10:30]} 26. Rb4 {[%clk 2:10:30]}
Ne7 {[%clk 2:10:30]} 27. Qb1 {[%clk 2:10:30]} Rb8 {[%clk 2:10:30]} 28. Rxa4
{[%clk 2:10:30]} bxa4 {[%clk 2:10:30]} 29. Qxb8+ {[%clk 2:10:30]} Kg7 {[%clk
2:10:30]} 30. Bxa6 {[%clk 2:10:30]} Qxa6 {[%clk 2:10:30]} 31. Qd6 {[%clk
2:10:30]} Qb7 {[%clk 2:10:30]} 32. Qb6 {[%clk 2:10:30]} Qxb6 {[%clk 2:10:30]} 33.
cxb6 {[%clk 2:10:30]} Nc6 {[%clk 2:10:30]} 34. Kf1 {[%clk 2:10:30]} Kf8 {[%clk
2:10:30]} 35. Ke2 {[%clk 2:10:30]} Ke7 {[%clk 2:10:30]} 36. Kd3 {[%clk 2:10:30]}
Kd7 {[%clk 2:10:30]} 37. Be1 {[%clk 2:10:30]} Kc8 {[%clk 2:10:30]} 38. Bb4 {[%clk
2:10:30]} Kb7 {[%clk 2:10:30]} 39. Bc5 {[%clk 2:10:30]} Nb8 {[%clk 2:10:30]} 40.
h3 {[%clk 2:10:30]} Nd7 {[%clk 2:10:30]} 41. Kc3 {[%clk 2:10:30]} f6 {[%clk
2:10:30]} 42. Kb4 {[%clk 2:10:30]} fxe5 {[%clk 2:10:30]} 43. fxe5 {[%clk
2:10:30]} Ka6 {[%clk 2:10:30]} 44. h4 {[%clk 2:10:30]} Nb8 {[%clk 2:10:30]} 45.
Kxa4 {[%clk 2:10:30]} Nc6 {[%clk 2:10:30]} 46. Kb3 {[%clk 2:10:30]} Na5+ {[%clk
2:10:30]} 47. Kc3 {[%clk 2:10:30]} Nc6 {[%clk 2:10:30]} 48. Kb3 {[%clk 2:10:30]}
Nd8 {[%clk 2:10:30]} 49. Kb4 {[%clk 2:10:30]} Nf7 {[%clk 2:10:30]} 50. a4 {[%clk
2:10:30]} g5 {[%clk 2:10:30]} 51. hxg5 {[%clk 2:10:30]} Nxg5 {[%clk 2:10:30]} 52.
Be7 {[%clk 2:10:30]} Ne4 {[%clk 2:10:30]} 53. a5 {[%clk 2:10:30]} Nxg3 {[%clk
2:10:30]} 54. Kc5 {[%clk 2:10:30]} Nf5 {[%clk 2:10:30]} 55. Bf6 {[%clk 2:10:30]}
Kb7 {[%clk 2:10:30]} 56. Bg5 {[%clk 2:10:30]} Ka6 {[%clk 2:10:30]} 57. Bd8 {[%clk
2:10:30]} Kb7 {[%clk 2:10:30]} 58. a6+ {[%clk 2:10:30]} Kxa6 {[%clk 2:10:30]} 59.
Kc6 {[%clk 2:10:30]} Nxd4+ {[%clk 2:10:30]} 60. Kc7 {[%clk 2:10:30]} Nb5+ {[%clk
2:10:30]} 61. Kc8 {[%clk 2:10:30]} Na7+ {[%clk 2:10:30]} 62. Kd7 {[%clk 2:10:30]}
Nb5 {[%clk 2:10:30]} 63. Kxe6 {[%clk 2:10:30]} d4 {[%clk 2:10:30]} 64. Kf5 {[%clk
2:10:30]} d3 {[%clk 2:10:30]} 65. Bg5 {[%clk 2:10:30]} Kxb6 {[%clk 2:10:30]} 66.
e6 {[%clk 2:10:30]} Nd4+ {[%clk 2:10:30]} 67. Ke4 {[%clk 2:10:30]} Nxe6 {[%clk
2:10:30]} 68. Be3+ {[%clk 2:10:30]} Kc6 {[%clk 2:10:30]} 69. Kxd3 {[%clk
2:10:30]} Kd5 {[%clk 2:10:30]} 70. Bf2 {[%clk 2:10:30]} Ke5 {[%clk 2:10:30]} 71.
Ke3 {[%clk 2:10:30]} Kf5 {[%clk 2:10:30]} 72. Kf3 {[%clk 2:10:30]} Ng5+ {[%clk
2:10:30]} 73. Kg2 {[%clk 2:10:30]} Kg4 {[%clk 2:10:30]} 74. Kh2 {[%clk 2:10:30]}
Kf3 {[%clk 2:10:30]} 75. Bh4 {[%clk 2:10:30]} Ne6 {[%clk 2:10:30]} 76. Be7 {[%clk
2:10:30]} Kg4 {[%clk 2:10:30]} 77. Bf6 {[%clk 2:10:30]} Nf4 {[%clk 2:10:30]} 78.
Bd8 {[%clk 2:10:30]} Ne6 {[%clk 2:10:30]} 79. Be7 {[%clk 2:10:30]} Nd4 {[%clk
2:10:30]} 80. Bd8 {[%clk 2:10:30]} Nf3+ {[%clk 2:10:30]} 81. Kg2 {[%clk 2:10:30]}
Nh4+ {[%clk 2:10:30]} 82. Kh2 {[%clk 2:10:30]} Nf3+ {[%clk 2:10:30]} 83. Kg2
{[%clk 2:10:30]} Ng5 {[%clk 2:10:30]} 84. Bxg5 {[%clk 2:10:30]} 1/2-1/2

[Event "7th Arber Senior Cup"]
[Site "chess24.com"]
[Date "2019.07.30"]
[Round "4"]
[White "Cordts, Elof"]
[Black "Luebbers, Doris, Dr."]
[Result "1-0"]
[Board "35"]
[WhiteElo "1710"]
[WhiteTeam "SC Erlangen"]
[WhiteCountry "GER"]
[WhiteFideId "12987301"]
[WhiteEloChange "5"]
[BlackElo "1514"]
[BlackTeam "SF Taunus"]
[BlackCountry "GER"]
[BlackFideId "24630080"]
[BlackEloChange "-5"]

1. e4 {[%clk 2:10:30]} e5 {[%clk 2:10:30]} 2. Nf3 {[%clk 2:10:30]} d6 {[%clk
2:10:30]} 3. Bc4 {[%clk 2:10:30]} Be7 {[%clk 2:10:30]} 4. c3 {[%clk 2:10:30]} Nf6
{[%clk 2:10:30]} 5. d3 {[%clk 2:10:30]} Nbd7 {[%clk 2:10:30]} 6. O-O {[%clk
2:10:30]} O-O {[%clk 2:10:30]} 7. Re1 {[%clk 2:10:30]} b6 {[%clk 2:10:30]} 8.
Nbd2 {[%clk 2:10:30]} Bb7 {[%clk 2:10:30]} 9. Nf1 {[%clk 2:10:30]} c6 {[%clk
2:10:30]} 10. Bb3 {[%clk 2:10:30]} Nc5 {[%clk 2:10:30]} 11. Bc2 {[%clk 2:10:30]}
Bc8 {[%clk 2:10:30]} 12. Ng3 {[%clk 2:10:30]} Bg4 {[%clk 2:10:30]} 13. h3 {[%clk
2:10:30]} Bxf3 {[%clk 2:10:30]} 14. Qxf3 {[%clk 2:10:30]} Ne6 {[%clk 2:10:30]}
15. Bb3 {[%clk 2:10:30]} Qd7 {[%clk 2:10:30]} 16. Nf5 {[%clk 2:10:30]} Rfe8
{[%clk 2:10:30]} 17. Be3 {[%clk 2:10:30]} Bf8 {[%clk 2:10:30]} 18. Rad1 {[%clk
2:10:30]} Qc7 {[%clk 2:10:30]} 19. d4 {[%clk 2:10:30]} h6 {[%clk 2:10:30]} 20.
Nxh6+ {[%clk 2:10:30]} gxh6 {[%clk 2:10:30]} 21. Qxf6 {[%clk 2:10:30]} Qe7 {[%clk
2:10:30]} 22. dxe5 {[%clk 2:10:30]} Bg7 {[%clk 2:10:30]} 23. Qxe7 {[%clk
2:10:30]} Rxe7 {[%clk 2:10:30]} 24. exd6 {[%clk 2:10:30]} Rd7 {[%clk 2:10:30]}
25. f4 {[%clk 2:10:30]} Kf8 {[%clk 2:10:30]} 26. e5 {[%clk 2:10:30]} Rc8 {[%clk
2:10:30]} 27. f5 {[%clk 2:10:30]} Ng5 {[%clk 2:10:30]} 28. e6 {[%clk 2:10:30]}
fxe6 {[%clk 2:10:30]} 29. fxe6 {[%clk 2:10:30]} Nxe6 {[%clk 2:10:30]} 30. Bxe6
{[%clk 2:10:30]} 1-0

[Event "7th Arber Senior Cup"]
[Site "chess24.com"]
[Date "2019.07.30"]
[Round "4"]
[White "Glatz, Volker"]
[Black "Braeu, Emmi"]
[Result "1-0"]
[Board "36"]
[WhiteElo "1515"]
[WhiteTeam "SC Bayerwald"]
[WhiteCountry "GER"]
[WhiteFideId "12973645"]
[WhiteEloChange "9"]
[BlackElo "1477"]
[BlackTeam "SK Marktoberdorf"]
[BlackCountry "GER"]
[BlackFideId "24646946"]
[BlackEloChange "-9"]

1. Nf3 {[%clk 2:10:30]} c5 {[%clk 2:10:30]} 2. c4 {[%clk 2:10:30]} Nc6 {[%clk
2:10:30]} 3. g3 {[%clk 2:10:30]} g6 {[%clk 2:10:30]} 4. Bg2 {[%clk 2:10:30]} Bg7
{[%clk 2:10:30]} 5. O-O {[%clk 2:10:30]} Nf6 {[%clk 2:10:30]} 6. Nc3 {[%clk
2:10:30]} e5 {[%clk 2:10:30]} 7. d3 {[%clk 2:10:30]} d6 {[%clk 2:10:30]} 8. h3
{[%clk 2:10:30]} Bd7 {[%clk 2:10:30]} 9. Nb5 {[%clk 2:10:30]} Be6 {[%clk
2:10:30]} 10. Ng5 {[%clk 2:10:30]} a6 {[%clk 2:10:30]} 11. Nxe6 {[%clk 2:10:30]}
fxe6 {[%clk 2:10:30]} 12. Bxc6+ {[%clk 2:10:30]} bxc6 {[%clk 2:10:30]} 13. Nc3
{[%clk 2:10:30]} Rb8 {[%clk 2:10:30]} 14. Qa4 {[%clk 2:10:30]} Rb6 {[%clk
2:10:30]} 15. e4 {[%clk 2:10:30]} O-O {[%clk 2:10:30]} 16. Bg5 {[%clk 2:10:30]}
Qd7 {[%clk 2:10:30]} 17. Qd1 {[%clk 2:10:30]} Rxb2 {[%clk 2:10:30]} 18. g4 {[%clk
2:10:30]} Qb7 {[%clk 2:10:30]} 19. Rb1 {[%clk 2:10:30]} Nd7 {[%clk 2:10:30]} 20.
Be7 {[%clk 2:10:30]} Rxb1 {[%clk 2:10:30]} 21. Qxb1 {[%clk 2:10:30]} Qxb1 {[%clk
2:10:30]} 22. Nxb1 {[%clk 2:10:30]} Rf3 {[%clk 2:10:30]} 23. Rd1 {[%clk 2:10:30]}
Rxh3 {[%clk 2:10:30]} 24. Bxd6 {[%clk 2:10:30]} Rf3 {[%clk 2:10:30]} 25. Kg2
{[%clk 2:10:30]} Rf7 {[%clk 2:10:30]} 26. Nc3 {[%clk 2:10:30]} Bf8 {[%clk
2:10:30]} 27. Bc7 {[%clk 2:10:30]} Be7 {[%clk 2:10:30]} 28. f3 {[%clk 2:10:30]}
Rf8 {[%clk 2:10:30]} 29. Rb1 {[%clk 2:10:30]} Rc8 {[%clk 2:10:30]} 30. Rb7 {[%clk
2:10:30]} Bg5 {[%clk 2:10:30]} 31. Na4 {[%clk 2:10:30]} Be3 {[%clk 2:10:30]} 32.
Bd6 {[%clk 2:10:30]} Nf8 {[%clk 2:10:30]} 33. Bxe5 {[%clk 2:10:30]} Bd4 {[%clk
2:10:30]} 34. Rg7+ {[%clk 2:10:30]} Kh8 {[%clk 2:10:30]} 35. Rc7+ {[%clk
2:10:30]} Bxe5 {[%clk 2:10:30]} 36. Rxc8 {[%clk 2:10:30]} Kg7 {[%clk 2:10:30]}
37. Rxc6 {[%clk 2:10:30]} Bd4 {[%clk 2:10:30]} 38. Rxa6 {[%clk 2:10:30]} Kf6
{[%clk 2:10:30]} 39. Rc6 {[%clk 2:10:30]} Nd7 {[%clk 2:10:30]} 40. Nb6 {[%clk
2:10:30]} Ne5 {[%clk 2:10:30]} 41. Nd5+ {[%clk 2:10:30]} Kf7 {[%clk 2:10:30]} 42.
Rc7+ {[%clk 2:10:30]} Kf8 {[%clk 2:10:30]} 43. Nf4 {[%clk 2:10:30]} Kg8 {[%clk
2:10:30]} 44. a4 {[%clk 2:10:30]} Bc3 {[%clk 2:10:30]} 45. Rxc5 {[%clk 2:10:30]}
Kf7 {[%clk 2:10:30]} 46. a5 {[%clk 2:10:30]} Bb4 {[%clk 2:10:30]} 47. Rxe5 {[%clk
2:10:30]} Kf6 {[%clk 2:10:30]} 48. Rxe6+ {[%clk 2:10:30]} Kg5 {[%clk 2:10:30]}
49. Nd5 {[%clk 2:10:30]} Bxa5 {[%clk 2:10:30]} 50. c5 {[%clk 2:10:30]} h5 {[%clk
2:10:30]} 51. Kh3 {[%clk 2:10:30]} Kh6 {[%clk 2:10:30]} 52. c6 {[%clk 2:10:30]}
Kg7 {[%clk 2:10:30]} 53. c7 {[%clk 2:10:30]} Bxc7 {[%clk 2:10:30]} 54. Nxc7
{[%clk 2:10:30]} Kf7 {[%clk 2:10:30]} 1-0

[Event "7th Arber Senior Cup"]
[Site "chess24.com"]
[Date "2019.07.30"]
[Round "4"]
[White "Warnecke, Jens"]
[Black "Gaedt, Mario"]
[Result "0-1"]
[Board "37"]
[WhiteElo "1530"]
[WhiteTeam "SC Weilerbach"]
[WhiteCountry "GER"]
[WhiteFideId "16273389"]
[WhiteEloChange "-11"]
[BlackElo "1502"]
[BlackTeam "SV Bergen"]
[BlackCountry "GER"]
[BlackFideId "12970352"]
[BlackEloChange "11"]

1. e4 {[%clk 2:10:30]} c5 {[%clk 2:10:30]} 2. Nc3 {[%clk 2:10:30]} e6 {[%clk
2:10:30]} 3. Nf3 {[%clk 2:10:30]} a6 {[%clk 2:10:30]} 4. d3 {[%clk 2:10:30]} Be7
{[%clk 2:10:30]} 5. Be2 {[%clk 2:10:30]} d6 {[%clk 2:10:30]} 6. O-O {[%clk
2:10:30]} Nd7 {[%clk 2:10:30]} 7. b3 {[%clk 2:10:30]} Ngf6 {[%clk 2:10:30]} 8. h3
{[%clk 2:10:30]} O-O {[%clk 2:10:30]} 9. Bf4 {[%clk 2:10:30]} Qc7 {[%clk
2:10:30]} 10. Qd2 {[%clk 2:10:30]} Re8 {[%clk 2:10:30]} 11. Rfe1 {[%clk 2:10:30]}
b5 {[%clk 2:10:30]} 12. a3 {[%clk 2:10:30]} Bb7 {[%clk 2:10:30]} 13. b4 {[%clk
2:10:30]} Rac8 {[%clk 2:10:30]} 14. Rac1 {[%clk 2:10:30]} cxb4 {[%clk 2:10:30]}
15. Nb1 {[%clk 2:10:30]} bxa3 {[%clk 2:10:30]} 16. c4 {[%clk 2:10:30]} Qb8 {[%clk
2:10:30]} 17. Nxa3 {[%clk 2:10:30]} e5 {[%clk 2:10:30]} 18. Be3 {[%clk 2:10:30]}
d5 {[%clk 2:10:30]} 19. Qa2 {[%clk 2:10:30]} d4 {[%clk 2:10:30]} 20. Bd2 {[%clk
2:10:30]} b4 {[%clk 2:10:30]} 21. Nc2 {[%clk 2:10:30]} Qa8 {[%clk 2:10:30]} 22.
Nxb4 {[%clk 2:10:30]} Nc5 {[%clk 2:10:30]} 23. Nd5 {[%clk 2:10:30]} Nxd5 {[%clk
2:10:30]} 24. cxd5 {[%clk 2:10:30]} Qb8 {[%clk 2:10:30]} 25. Bg5 {[%clk 2:10:30]}
Qd6 {[%clk 2:10:30]} 26. Rb1 {[%clk 2:10:30]} Rb8 {[%clk 2:10:30]} 27. Qa5 {[%clk
2:10:30]} f6 {[%clk 2:10:30]} 28. Bd2 {[%clk 2:10:30]} Bd8 {[%clk 2:10:30]} 29.
Qa3 {[%clk 2:10:30]} Bb6 {[%clk 2:10:30]} 30. Bb4 {[%clk 2:10:30]} Ra8 {[%clk
2:10:30]} 31. Nd2 {[%clk 2:10:30]} a5 {[%clk 2:10:30]} 32. Nc4 {[%clk 2:10:30]}
Qc7 {[%clk 2:10:30]} 33. Nxb6 {[%clk 2:10:30]} axb4 {[%clk 2:10:30]} 34. Qxb4
{[%clk 2:10:30]} Ra7 {[%clk 2:10:30]} 35. Rec1 {[%clk 2:10:30]} Ra2 {[%clk
2:10:30]} 36. Rxc5 {[%clk 2:10:30]} Qf7 {[%clk 2:10:30]} 37. Bg4 {[%clk 2:10:30]}
Kh8 {[%clk 2:10:30]} 38. Nc4 {[%clk 2:10:30]} Qe7 {[%clk 2:10:30]} 39. d6 {[%clk
2:10:30]} Qf8 {[%clk 2:10:30]} 40. Qxb7 {[%clk 2:10:30]} f5 {[%clk 2:10:30]} 41.
Bxf5 {[%clk 2:10:30]} g6 {[%clk 2:10:30]} 42. Bg4 {[%clk 2:10:30]} Qxf2+ {[%clk
2:10:30]} 0-1